Varones, sexualidad y reproducción : diversas perspectivas teórico-metodológicas y hallazgos de investigación /

Trabajos sobre el papel del varón en el comportamiento de la fecundidad y la reproducción, con particular énfasis en lo que ocurre en Latinoamérica. Se trata de un campo de investigación poco explorado todavía, en particular por el histórico sometimiento y discriminación que han sufrido las mujeres,...

Fuld beskrivelse

Guardado en:
Bibliografiske detaljer
Hovedforfatter: Lerner Sigal, Susana (edición)
Format: Bog
Sprog:spansk
Udgivet: México : El Colegio de México, Centro de Estudios Demográficos y de Desarrollo Urbano : Sociedad Mexicana de Demografía, 1998, c1998
Fag:
Tags: Tilføj Tag
Ingen Tags, Vær først til at tagge denne postø!

MARC

LEADER 00000nam^a2200000^a^4500
001 000107065
005 20250521000000.0
009 20260310093559.456
020 |a 968-12-0916-8 
037 |a Acervo ITESO - Biblioteca 
041 |a ESP 
082 |a 305. 41  |b LER 
100 |a Lerner Sigal, Susana  |e (edición) 
245 1 0 |a Varones, sexualidad y reproducción :  |b diversas perspectivas teórico-metodológicas y hallazgos de investigación /  |c Ed. de S. Lerner Sigal. 
264 4 |a México :  |b El Colegio de México, Centro de Estudios Demográficos y de Desarrollo Urbano :  |b Sociedad Mexicana de Demografía,  |c 1998, c1998 
300 |a 436 p. 
336 |a texto  |b txt  |2 rdacontenido 
337 |a sin mediación  |b n  |2 rdamedio 
338 |a volumen  |b nc  |2 rdasoporte 
520 |a Trabajos sobre el papel del varón en el comportamiento de la fecundidad y la reproducción, con particular énfasis en lo que ocurre en Latinoamérica. Se trata de un campo de investigación poco explorado todavía, en particular por el histórico sometimiento y discriminación que han sufrido las mujeres, ha provocado una alta concentración de los estudios en los casos femeninos. 
649 |a XX 
650 |a Hombres -  |x Tema Principal 
650 |a Reproducción Humana -  |x Tema Principal 
650 |a Salud Reproductiva 
650 |a Prácticas Sexuales 
650 |a Control Natal 
650 |a Roles de Género -  |x Tema Principal 
650 |a Identidad de Género 
650 |a Sexualidad 
650 |a Feminismo 
650 |a Género 
650 |a Sociología 
650 |a Antropología 
650 |a Psicología 
910 |a Fondo General 
920 |a Impresos - Libros 
930 |a Colección General 
905 |a 101 
901 |a 0500043261  |b IT1  |c ACC  |u 20250521 
902 |a https://opac.biblio.iteso.mx/vufind/Record/000107065